[Event "Baden-Baden Autumn op"]
[Site "Baden-Baden"]
[Date "2022.11.06"]
[Round "6"]
[White "Cofman, Veaceslav"]
[Black "Shapiro, Vladimir"]
[Result "1-0"]
[WhiteElo "2211"]
[BlackElo "1997"]
[PlyCount "67"]
[EventDate "2022.11.03"]
[EventType "swiss"]
[EventRounds "7"]
[EventCountry "GER"]
[SourceTitle "EXT 2024"]
[Source "ChessBase"]
[SourceDate "2023.10.10"]
[SourceVersion "1"]
[SourceVersionDate "2023.10.10"]
[SourceQuality "1"]

1. d4 Nf6 2. c4 g6 3. f3 Bg7 4. e4 d6 5. Nc3 0-0 6. Nge2 e5 7. Be3 a5 8. Qd2 Nc6 9. d5 Nb4 10. a3 Na6 11. b4 axb4 12. axb4 Bd7 13. Rb1 Ne8 14. c5 f5 15. c6 bxc6 16. dxc6 Be6 17. Nd5 fxe4 18. fxe4 Nf6 19. Nxf6+ Qxf6 20. Nc3 d5 21. Bg5 Qf7 22. Nxd5 Nb8 23. Bb5 Kh8 24. Rf1 Qe8 25. Nxc7 Rxf1+ 26. Bxf1 Qxc6 27. Nxe6 Qxe4+ 28. Kf2 Qf5+ 29. Kg1 Qxe6 30. Qd8+ Qg8 31. Qxg8+ Kxg8 32. Bc4+ Kf8 33. Rf1+ Ke8 34. Bb5+ 1-0

[Event "Troisdorf op"]
[Site "Troisdorf"]
[Date "2005.11.15"]
[Round "4.4"]
[White "Shapiro, Vladimir"]
[Black "Zupcevic, Samir"]
[Result "1/2-1/2"]
[WhiteElo "1850"]
[BlackElo "1992"]
[PlyCount "24"]
[EventDate "2005.10.18"]
[EventType "swiss"]
[EventRounds "7"]
[EventCountry "GER"]
[SourceTitle "EXT 2006"]
[Source "ChessBase"]
[SourceDate "2005.11.24"]
[SourceVersion "1"]
[SourceVersionDate "2005.11.24"]
[SourceQuality "1"]

1. e4 e6 2. d4 d5 3. Nd2 dxe4 4. Nxe4 Nd7 5. Nf3 Ngf6 6. Nxf6+ Nxf6 7. Bd3 c5 8. 0-0 cxd4 9. Bb5+ Bd7 10. Nxd4 Bc5 11. Bxd7+ Qxd7 12. Nb3 Bb6 1/2-1/2